Nadopuni Stih - Libar - Statistics

General Stats
  • This quiz has been taken 29 times
  • The average score is 8 of 10
Answer Stats
Hint Answer % Correct
Lukavo i _____________Još uvijek mogu ti podvaliti - Ljubav slatkorječivo
93%
Dajem ti _____ _ ____Sve moje šarene perle verse i note
93%
Kao _____ _ _____ čajaDok drži dah pčela u žlici
89%
U _____ svojih dugovaUpiši mene libar
85%
__ ___...Još te mogu pjesmom kupiti Na dar
85%
Ja nemam razloga__ _____.... Za strah
81%
Jer odavno __ _______S onim što si htjela čut te kupujem
78%
Od straha __ __ ______Tvoja ljubav za mene.. da ne potone
74%
I sve ću __ _______Baš sve što hoćeš ti obećati
70%
Moju kožu, moju kostI ___ koje poželiš.. lice
67%
No matching quizzes found
Score Distribution
Percent of People with Each Score
Percentile by Number Answered
Your Score History
You have not taken this quiz